Social Change, Gender and Violence : (Record no. 609080)

MARC details
000 -LEADER
fixed length control field 00530nam a2200193 a 4500
008 - FIXED-LENGTH DATA ELEMENTS--GENERAL INFORMATION
fixed length control field 260122s2002##################000#0#eng##
020 ## - INTERNATIONAL STANDARD BOOK NUMBER
ISBN 9781402007262
082 04 - DEWEY DECIMAL CLASSIFICATION NUMBER
Classification number 303.6
Item number NIK
100 1# - MAIN ENTRY--AUTHOR NAME
Personal name Nikolic-Ristanovic, Vesna,
245 10 - TITLE STATEMENT
Title Social Change, Gender and Violence :
260 ## - PUBLICATION, DISTRIBUTION, ETC. (IMPRINT)
Name of publisher Springer Science & Business Media,
Year of publication 2002.
300 ## - PHYSICAL DESCRIPTION
Number of Pages 228 pages
650 #0 - SUBJECT ADDED ENTRY--TOPICAL TERM
Topical Term History.
942 ## - ADDED ENTRY ELEMENTS (KOHA)
Koha item type English Books
Holdings
Withdrawn status Lost status Damaged status Not for loan Home library Current library Shelving location Date acquired Full call number Accession Number Price effective from Koha item type
        Anna Centenary Library Anna Centenary Library 3RD FLOOR, B WING 23.01.2026 303.6 NIK 293490 23.01.2026 English Books

Find us on the map